000
00263nam a2200109Ia 4500
008
240625s9999 xx 000 0 und d
041
_a
eng
082
_a
808.20 BHA
100
_a
BHATIA GIRISH
245
_a
HR PRACTICES AND JOB SATISFACTION IN IND
260
_c
2013
999
_c
36931
_d
36931